| 000 | 00619nam a2200205Ia 4500 | ||
|---|---|---|---|
| 003 | OSt | ||
| 005 | 20250902113030.0 | ||
| 008 | 220917b |||||||| |||| 00| 0 eng d | ||
| 037 | _cTB | ||
| 040 |
_aARTS _cARTS _beng |
||
| 041 |
_2eng _aeng |
||
| 084 |
_aT0cY:434.2 L8 _qAL |
||
| 100 |
_aVerma Rajendra _924549 |
||
| 245 | 0 | _aEducational planning and povorty of India. A Comparative study 1944--1977 | |
| 260 |
_aNew Delhi _bLancers Publications _c1978 |
||
| 300 |
_av, 202p tables _ccm. |
||
| 650 | _aEDUCATION | ||
| 942 |
_hT0cY:434.2 L8 _cTB _2CC _n0 |
||
| 999 |
_c271579 _d271579 |
||